[Event "BL 1718 SV Hofheim - SG Solingen"]
[Site "?"]
[Date "2018.03.10"]
[Round "11.1"]
[White "Van Wely, Loek"]
[Black "Volokitin, Andrei"]
[Result "1/2-1/2"]
[WhiteElo "2667"]
[BlackElo "2639"]
[PlyCount "166"]
[EventDate "2018.??.??"]
[EventType "team-tourn"]

1. Nf3 d5 2. d4 Nf6 3. c4 e6 4. Nc3 c5 5. cxd5 Nxd5 6. e4 Nxc3 7. bxc3 cxd4 8.
cxd4 Bb4+ 9. Bd2 Bxd2+ 10. Qxd2 O-O 11. Rc1 b6 12. Bd3 Ba6 13. O-O Bxd3 14.
Qxd3 Nd7 15. e5 h6 16. Qa6 Re8 17. h4 Nf8 18. h5 Nh7 19. Rfd1 Qd7 20. Rc4 Rec8
21. Nd2 Ng5 22. Rdc1 Rxc4 23. Qxc4 Rd8 24. Nb3 Ne4 25. Qc6 Qxc6 26. Rxc6 a5 27.
a4 Rb8 28. g4 b5 29. axb5 Rxb5 30. Nc5 Nxc5 31. dxc5 a4 32. Kg2 a3 33. Ra6 Rxc5
34. Rxa3 Rxe5 35. Ra8+ Kh7 36. Ra7 Kg8 37. Ra8+ Kh7 38. Ra7 f5 39. Kg3 fxg4 40.
Kxg4 Rg5+ 41. Kh4 Kg8 42. f4 Rb5 43. Re7 Rb6 44. Kg4 Kf8 45. Ra7 Rb4 46. Kg3
Rb8 47. Ra5 Rb3+ 48. Kg4 Rb4 49. Kg3 Re4 50. Ra7 Rd4 51. Rb7 Rd8 52. Kf3 Rd1
53. Ra7 Rh1 54. Kg4 Ke8 55. Rb7 Rd1 56. Kf3 Kf8 57. Ra7 Rf1+ 58. Kg4 Re1 59.
Kf3 e5 60. fxe5 Rxe5 61. Kg4 Rg5+ 62. Kh4 Rd5 63. Rb7 Rd4+ 64. Kg3 Re4 65. Ra7
Re7 66. Ra4 Re5 67. Kg4 Kf7 68. Ra7+ Kf6 69. Ra6+ Re6 70. Ra4 Rd6 71. Rf4+ Ke5
72. Rf5+ Ke6 73. Rf4 Rd1 74. Re4+ Kd6 75. Re8 Rg1+ 76. Kh4 Rg5 77. Re4 Re5 78.
Rg4 Re1 79. Kh3 Rh1+ 80. Kg2 Rxh5 81. Rxg7 Rg5+ 82. Rxg5 hxg5 83. Kg3 Ke5
1/2-1/2

[Event "BL 1718 SV Hofheim - SG Solingen"]
[Site "?"]
[Date "2018.03.10"]
[Round "11.2"]
[White "Schroeder, Jan-Christian"]
[Black "Van Kampen, Robin"]
[Result "1/2-1/2"]
[WhiteElo "2555"]
[BlackElo "2651"]
[PlyCount "40"]
[EventDate "2018.??.??"]
[EventType "team-tourn"]

1. e4 e6 2. d4 d5 3. Nd2 c5 4. Ngf3 cxd4 5. Nxd4 Nf6 6. exd5 Qxd5 7. Nb5 Qd8 8.
Nc4 Nd5 9. Ne3 a6 10. Nxd5 exd5 11. Nd4 Nc6 12. Be3 Qf6 13. c3 Bc5 14. Be2 Nxd4
15. Bxd4 Bxd4 16. Qxd4 Qxd4 17. cxd4 Be6 18. Rc1 Kd7 19. Kd2 Rhc8 20. Bd3 Kd6
1/2-1/2

[Event "BL 1718 SV Hofheim - SG Solingen"]
[Site "?"]
[Date "2018.03.10"]
[Round "11.3"]
[White "Bok, Benjamin"]
[Black "Savchenko, Stanislav"]
[Result "1-0"]
[WhiteElo "2622"]
[BlackElo "2463"]
[PlyCount "48"]
[EventDate "2018.??.??"]
[EventType "team-tourn"]

1. c4 e5 2. g3 Nc6 3. Bg2 Bc5 4. Nc3 d6 5. e3 a6 6. Nge2 Nge7 7. O-O Ba7 8. d4
O-O 9. b3 Bg4 10. h3 Bh5 11. dxe5 dxe5 12. g4 Bg6 13. Ba3 Qc8 14. Bxc6 Nxc6 15.
Bxf8 Qxf8 16. Ng3 Rd8 17. Qf3 Rd3 18. Rac1 Qb4 19. Nd5 Qa3 20. Nf5 h6 21. Rcd1
Rxd1 22. Rxd1 Qxa2 23. Nfe7+ Kh7 24. Nxg6 fxg6 1-0

[Event "BL 1718 SV Hofheim - SG Solingen"]
[Site "?"]
[Date "2018.03.10"]
[Round "11.4"]
[White "Ginsburg, Gennadi"]
[Black "Smeets, Jan"]
[Result "0-1"]
[WhiteElo "2428"]
[BlackElo "2601"]
[PlyCount "92"]
[EventDate "2018.??.??"]
[EventType "team-tourn"]

1. e4 c5 2. Nf3 d6 3. d4 cxd4 4. Nxd4 Nf6 5. Nc3 a6 6. Bg5 Nbd7 7. Bc4 Qb6 8.
Bb3 e6 9. Qd2 Be7 10. O-O-O Nc5 11. Rhe1 h6 12. Bxf6 Bxf6 13. f4 Bd7 14. Kb1
O-O-O 15. e5 dxe5 16. fxe5 Bg5 17. Qf2 Rhf8 18. h4 Be7 19. Ne4 Nxe4 20. Rxe4 f5
21. Re2 Be8 22. Red2 Bh5 23. Re1 Bc5 24. c3 Kb8 25. Qf4 Rfe8 26. Ba4 Rg8 27.
Bb3 g5 28. hxg5 hxg5 29. Qh2 Bg6 30. Red1 Rh8 31. Qg1 Bh5 32. Re1 Rd7 33. Qe3
f4 34. Qf2 Rhd8 35. Bd1 Bg6+ 36. Bc2 Bxc2+ 37. Rxc2 Bxd4 38. cxd4 Rxd4 39. Rec1
R8d5 40. Qe2 Ka7 41. Re1 Rd3 42. Qe4 Re3 43. Rxe3 Rd1+ 44. Rc1 Rxc1+ 45. Kxc1
Qxe3+ 46. Qxe3+ fxe3 0-1

[Event "BL 1718 SV Hofheim - SG Solingen"]
[Site "?"]
[Date "2018.03.10"]
[Round "11.5"]
[White "Predojevic, Borki"]
[Black "Margolin, Boris"]
[Result "1-0"]
[WhiteElo "2630"]
[BlackElo "2389"]
[PlyCount "67"]
[EventDate "2018.??.??"]
[EventType "team-tourn"]

1. e4 e5 2. Nf3 Nc6 3. Bb5 a6 4. Ba4 Nf6 5. O-O b5 6. Bb3 Be7 7. a4 b4 8. d3 d6
9. a5 O-O 10. Nbd2 Be6 11. Nc4 Qc8 12. h3 h6 13. Be3 Qb7 14. Nfd2 Rad8 15. Ba4
Nd7 16. Qf3 f5 17. exf5 d5 18. fxe6 Rxf3 19. Nxf3 Nf8 20. Ncxe5 Nxe5 21. Nxe5
Rd6 22. d4 Nxe6 23. f4 c6 24. Rae1 Bf6 25. f5 Nf8 26. Bf4 Qc8 27. Kh1 Bg5 28.
Bg3 Nh7 29. Ng6 Rd8 30. h4 Bf6 31. Re6 Qb7 32. Bxc6 Qf7 33. Rfe1 Nf8 34. Re8
1-0

[Event "BL 1718 SV Hofheim - SG Solingen"]
[Site "?"]
[Date "2018.03.10"]
[Round "11.6"]
[White "Weber, Ulrich"]
[Black "Andersen, Mads"]
[Result "0-1"]
[WhiteElo "2352"]
[BlackElo "2605"]
[PlyCount "68"]
[EventDate "2018.??.??"]
[EventType "team-tourn"]

1. Nf3 Nf6 2. g3 g6 3. Bg2 Bg7 4. O-O d5 5. d3 O-O 6. Nbd2 c5 7. e4 Nc6 8. Re1
e6 9. c3 a5 10. a4 b6 11. Qb3 Ba6 12. exd5 exd5 13. d4 Rc8 14. Nf1 cxd4 15.
Nxd4 Nxd4 16. cxd4 Rc4 17. Qd1 Ne4 18. Be3 Rb4 19. b3 Qd7 20. Rc1 Rc8 21. Rxc8+
Qxc8 22. Kh1 Qf5 23. g4 Nxf2+ 24. Bxf2 Qxf2 25. Re8+ Bf8 26. Ne3 Kg7 27. Qc1
Bd3 28. Qc3 Bb1 29. g5 Qh4 30. Qc8 Rxd4 31. Rxf8 Rd1+ 32. Nf1 Rxf1+ 33. Bxf1
Qe4+ 34. Kg1 Qe3+ 0-1

[Event "BL 1718 SV Hofheim - SG Solingen"]
[Site "?"]
[Date "2018.03.10"]
[Round "11.7"]
[White "Nikolic, Predrag"]
[Black "Armbruster, Alexander"]
[Result "1-0"]
[WhiteElo "2593"]
[BlackElo "2305"]
[PlyCount "139"]
[EventDate "2018.??.??"]
[EventType "team-tourn"]

1. d4 g6 2. Nf3 Bg7 3. g3 Nf6 4. Bg2 O-O 5. O-O d5 6. Na3 Bf5 7. c4 c6 8. Bf4
Be4 9. Qd2 e6 10. Rac1 Re8 11. Rfd1 Nbd7 12. h3 Nh5 13. Bg5 f6 14. Bh6 Bxh6 15.
Qxh6 Qe7 16. Rc3 Rad8 17. cxd5 exd5 18. Nc2 Nf8 19. Nce1 Ne6 20. Qd2 Nhg7 21.
e3 Nf5 22. Bf1 Nd6 23. Nh2 g5 24. f3 Bg6 25. Qf2 Ng7 26. Ng2 Rd7 27. b4 a6 28.
a4 Ne6 29. Rdc1 Nc7 30. g4 Qg7 31. Be2 Rf7 32. Qg3 Qf8 33. Rb3 h6 34. h4 Qe7
35. Qh3 Kg7 36. Nf1 f5 37. gxf5 Nxf5 38. h5 Bh7 39. Rb2 Nd6 40. Nh2 Bf5 41. Qg3
Qd7 42. a5 Kh8 43. Bf1 Ree7 44. Rd2 Nce8 45. e4 dxe4 46. d5 e3 47. Re2 cxd5 48.
Rxe3 Nf6 49. Rxe7 Rxe7 50. Qf2 Nxh5 51. Qd4+ Kh7 52. Rc5 Re6 53. Rxd5 Qe7 54.
Rc5 Qg7 55. Qd2 Nf4 56. Ne3 Bg6 57. Nd5 Nxd5 58. Rxd5 Nf5 59. Bd3 Nh4 60. Kf2
Re7 61. Rd6 Qf8 62. Bxg6+ Nxg6 63. Qd3 Qf7 64. Ng4 h5 65. Nf6+ Kh6 66. Ne4 Qa2+
67. Kf1 Qf7 68. Rf6 Qe8 69. Nd6 Rd7 70. Qf5 1-0

[Event "BL 1718 SV Hofheim - SG Solingen"]
[Site "?"]
[Date "2018.03.10"]
[Round "11.8"]
[White "Burkart, Patrick"]
[Black "Naumann, Alexander"]
[Result "1-0"]
[WhiteElo "2298"]
[BlackElo "2551"]
[PlyCount "149"]
[EventDate "2018.??.??"]
[EventType "team-tourn"]

1. d4 Nf6 2. Nf3 g6 3. Nc3 d5 4. Bf4 Bg7 5. e3 O-O 6. Be2 c5 7. Nb5 Na6 8. h3
Bf5 9. O-O Ne4 10. c3 cxd4 11. exd4 Qb6 12. Re1 Rfc8 13. Qb3 Qd8 14. Rad1 Nb8
15. c4 Be6 16. Rc1 Nc6 17. Nc7 Nxd4 18. Nxd4 Bxd4 19. cxd5 Bxf2+ 20. Kf1 Bxe1
21. dxe6 Nd2+ 22. Bxd2 Bxd2 23. exf7+ Kh8 24. Qe6 Qd6 25. Rc4 Qxe6 26. Nxe6
Rxc4 27. Bxc4 Bh6 28. Ke2 Rc8 29. Kd3 Bg7 30. b3 h6 31. Ke4 Kh7 32. h4 h5 33.
g3 Kh6 34. a4 b6 35. Kf4 Rc6 36. Ke4 Rc8 37. Kf4 Rc6 38. Ke3 Rc8 39. Ke4 Bf8
40. Ba6 Rb8 41. Kd5 g5 42. Kc6 Bg7 43. Kc7 Rh8 44. Bd3 g4 45. Kd7 Be5 46. f8=Q+
Rxf8 47. Nxf8 Bxg3 48. Ng6 Bf2 49. Kxe7 a5 50. Kf6 Be1 51. Kf5 Bf2 52. Kf4 Bc5
53. Ne5 Be7 54. Nf7+ Kg7 55. Ng5 Kf6 56. Ne4+ Kg7 57. Ng5 Kf6 58. Ke3 Bc5+ 59.
Ke2 Be7 60. Kf2 Kg7 61. Kg2 Kh6 62. Nf7+ Kg7 63. Ng5 Kh6 64. Bb5 Bxg5 65. hxg5+
Kxg5 66. Bd7 Kf4 67. Bc8 Ke5 68. Kg3 Kd4 69. Be6 b5 70. axb5 Kc5 71. Bd7 Kb6
72. Be8 Kc5 73. Bxh5 Kxb5 74. Be8+ Kb4 75. Ba4 1-0

[Event "BL 1718 SV Hockenheim - DJK Aachen"]
[Site "?"]
[Date "2018.03.10"]
[Round "11.1"]
[White "van Foreest, Jorden"]
[Black "Jobava, Baadur"]
[Result "1-0"]
[WhiteElo "2631"]
[BlackElo "2685"]
[PlyCount "67"]
[EventDate "2018.??.??"]
[EventType "team-tourn"]

1. e4 c6 2. d4 d5 3. e5 Bf5 4. Nf3 e6 5. Be2 f6 6. O-O fxe5 7. Nxe5 Nd7 8. f4
Nxe5 9. fxe5 Qd7 10. Nd2 O-O-O 11. Nb3 Be7 12. Bd3 g6 13. Be3 h5 14. Qd2 h4 15.
h3 Qe8 16. c4 Bxd3 17. Qxd3 dxc4 18. Qxc4 Rd5 19. Nd2 g5 20. Ne4 Qg6 21. Nc3
Rd7 22. Rac1 g4 23. d5 gxh3 24. Rf2 exd5 25. Nxd5 Bd8 26. e6 Rg7 27. Qd4 Nf6
28. Nxf6 Bb6 29. Qf4 Bc7 30. Qf3 Bg3 31. Rd2 hxg2 32. Rd7 Bc7 33. e7 Qg3 34.
Rxc7+ 1-0

[Event "BL 1718 SV Hockenheim - DJK Aachen"]
[Site "?"]
[Date "2018.03.10"]
[Round "11.2"]
[White "Ponomariov, Ruslan"]
[Black "Parligras, Mircea Emilian"]
[Result "1/2-1/2"]
[WhiteElo "2697"]
[BlackElo "2642"]
[PlyCount "41"]
[EventDate "2018.??.??"]
[EventType "team-tourn"]

1. e4 e5 2. Nf3 Nc6 3. Bc4 Bc5 4. c3 Nf6 5. d3 a6 6. Nbd2 O-O 7. Bb3 Ba7 8. Nc4
d5 9. exd5 Nxd5 10. O-O f6 11. Be3 Nxe3 12. Nxe3+ Kh8 13. Re1 Qd6 14. Nh4 Be6
15. Qh5 Ne7 16. d4 exd4 17. Nc4 Bxc4 18. Bxc4 Qc5 19. Qxc5 Bxc5 20. cxd4 Bb4
21. Re6 1/2-1/2

[Event "BL 1718 SV Hockenheim - DJK Aachen"]
[Site "?"]
[Date "2018.03.10"]
[Round "11.3"]
[White "Handke, Florian"]
[Black "Howell, David W L"]
[Result "0-1"]
[WhiteElo "2534"]
[BlackElo "2701"]
[PlyCount "88"]
[EventDate "2018.??.??"]
[EventType "team-tourn"]

1. e4 e5 2. Nf3 Nc6 3. Bb5 a6 4. Ba4 Nf6 5. d3 d6 6. c3 g6 7. O-O Bg7 8. Re1
O-O 9. h3 Re8 10. Nbd2 b5 11. Bb3 Na5 12. Bc2 c5 13. a4 Bb7 14. Nh2 d5 15. Ng4
Nh5 16. axb5 axb5 17. exd5 Qxd5 18. Ne4 f5 19. Ne3 Qc6 20. Nxc5 Qxc5 21. b4
Qxc3 22. Bd2 Qc6 23. Rc1 Kh8 24. Bb1 Qd7 25. bxa5 Nf4 26. Qb3 Red8 27. Rc5 Ne6
28. Rcc1 Nd4 29. Qb4 f4 30. Ng4 Qd5 31. f3 Nxf3+ 32. gxf3 Qxf3 33. Re4 Rd4 34.
Qb2 Qg3+ 35. Kh1 Qf3+ 36. Kg1 Qg3+ 37. Kh1 Qxh3+ 38. Nh2 Rxd3 39. Rce1 Rad8 40.
Bb4 R8d4 41. a6 Bxe4+ 42. Rxe4 Rd1+ 43. Re1 Rxb4 44. Qxb4 f3 0-1

[Event "BL 1718 SV Hockenheim - DJK Aachen"]
[Site "?"]
[Date "2018.03.10"]
[Round "11.4"]
[White "Moiseenko, Alexander"]
[Black "Swinkels, Robin"]
[Result "1-0"]
[WhiteElo "2659"]
[BlackElo "2485"]
[PlyCount "83"]
[EventDate "2018.??.??"]
[EventType "team-tourn"]

1. d4 d5 2. c4 c6 3. Nf3 Nf6 4. Nc3 dxc4 5. a4 Bf5 6. Nh4 Bc8 7. e3 e5 8. Bxc4
exd4 9. exd4 Be7 10. O-O O-O 11. Re1 Na6 12. Nf3 Nb4 13. Bg5 Bg4 14. Qe2 Bxf3
15. Qxe7 Qxe7 16. Rxe7 Bd5 17. Rxb7 Rfb8 18. Rxb8+ Rxb8 19. Nxd5 Nbxd5 20. b3
Ne4 21. Bc1 h6 22. f3 Nd6 23. Bxd5 cxd5 24. Bf4 Rb6 25. a5 Rc6 26. Bxd6 Rxd6
27. b4 Rc6 28. b5 Rc2 29. Rb1 Kf8 30. b6 axb6 31. axb6 Rc8 32. b7 Rb8 33. Kf2
Ke7 34. Kg3 Kd6 35. Kf4 Kc6 36. Ke5 Re8+ 37. Kf5 Rb8 38. g4 Kd6 39. h4 Kc6 40.
h5 Kd6 41. f4 Kc6 42. g5 1-0

[Event "BL 1718 SV Hockenheim - DJK Aachen"]
[Site "?"]
[Date "2018.03.10"]
[Round "11.5"]
[White "Hoffmann, Michael"]
[Black "Wagner, Dennis"]
[Result "0-1"]
[WhiteElo "2442"]
[BlackElo "2566"]
[PlyCount "82"]
[EventDate "2018.??.??"]
[EventType "team-tourn"]

1. e4 e5 2. Nf3 Nc6 3. Bc4 Bc5 4. O-O Nf6 5. d3 d6 6. c3 a6 7. a4 Ba7 8. Re1
O-O 9. h3 Ne7 10. Nbd2 Ng6 11. Nf1 c6 12. Bb3 d5 13. Be3 Bxe3 14. Rxe3 Qc7 15.
Ng3 Bd7 16. Qc2 Rad8 17. Rae1 dxe4 18. dxe4 c5 19. Bd5 c4 20. b3 Nxd5 21. exd5
f6 22. Nd2 f5 23. d6 Qc6 24. Rxe5 Nxe5 25. Rxe5 cxb3 26. Qxb3+ Kh8 27. Qb4 Qxa4
28. Qxb7 Bc6 29. Qc7 Rd7 30. Rxf5 Rg8 31. Qa5 Rxd6 32. Qxa4 Bxa4 33. Nge4 Rg6
34. Nf3 Rb8 35. Ne5 Rgb6 36. Nc5 Bc2 37. Rf7 Ra8 38. Rc7 a5 39. Nc4 Rbb8 40.
Nd6 a4 41. Ne6 Bg6 0-1

[Event "BL 1718 SV Hockenheim - DJK Aachen"]
[Site "?"]
[Date "2018.03.10"]
[Round "11.6"]
[White "Saric, Ivan"]
[Black "Braun, Christian"]
[Result "1-0"]
[WhiteElo "2657"]
[BlackElo "2385"]
[PlyCount "55"]
[EventDate "2018.??.??"]
[EventType "team-tourn"]

1. e4 e6 2. d4 d5 3. Nc3 Nf6 4. Bg5 Be7 5. e5 Nfd7 6. h4 Nc6 7. Nf3 f6 8. exf6
Nxf6 9. Bd3 O-O 10. Qe2 Nb4 11. O-O-O c5 12. dxc5 Qa5 13. a3 Nxd3+ 14. Rxd3
Qxc5 15. Nd4 Qb6 16. Re1 h6 17. Be3 Qd6 18. Bd2 Re8 19. f4 h5 20. Nxe6 Bxe6 21.
Qxe6+ Qxe6 22. Rxe6 Rad8 23. f5 Kf7 24. Bg5 g6 25. Re5 gxf5 26. Rxf5 Ke6 27.
Rf1 Ne4 28. Bxe7 1-0

[Event "BL 1718 SV Hockenheim - DJK Aachen"]
[Site "?"]
[Date "2018.03.10"]
[Round "11.7"]
[White "Santos Ruiz, Miguel"]
[Black "Buhmann, Rainer"]
[Result "1/2-1/2"]
[WhiteElo "2488"]
[BlackElo "2588"]
[PlyCount "56"]
[EventDate "2018.??.??"]
[EventType "team-tourn"]

1. c4 e6 2. Nc3 d5 3. d4 Bb4 4. cxd5 exd5 5. Bf4 c6 6. e3 Ne7 7. h4 Bd6 8. Qf3
a5 9. h5 h6 10. Bd3 Na6 11. Nge2 Nb4 12. Bb1 O-O 13. g4 f6 14. a3 Na6 15. Qg3
Bxf4 16. exf4 Qd6 17. Rg1 Nc7 18. f5 Qd8 19. Bc2 b5 20. O-O-O b4 21. Na4 bxa3
22. Qxa3 Nb5 23. Qg3 Re8 24. Rge1 Bd7 25. Bd3 Nc8 26. Bxb5 cxb5 27. Nc5 Nb6 28.
Kb1 b4 1/2-1/2

[Event "BL 1718 SV Hockenheim - DJK Aachen"]
[Site "?"]
[Date "2018.03.10"]
[Round "11.8"]
[White "Banusz, Tamas"]
[Black "Donchenko, Alexander"]
[Result "1/2-1/2"]
[WhiteElo "2618"]
[BlackElo "2588"]
[PlyCount "68"]
[EventDate "2018.??.??"]
[EventType "team-tourn"]

1. Nf3 Nf6 2. g3 b6 3. Bg2 Bb7 4. O-O g6 5. c4 Bg7 6. d4 O-O 7. d5 Ne4 8. Qc2
f5 9. Rd1 Qe8 10. Nd4 e6 11. Nc3 Nxc3 12. bxc3 e5 13. Nb5 Na6 14. c5 e4 15. Rb1
Qf7 16. c4 Rfc8 17. Bf4 Bf8 18. cxb6 axb6 19. d6 Bc6 20. dxc7 Bxb5 21. cxb5
Nxc7 22. Bxc7 Bc5 23. e3 Rxa2 24. Qc3 Rxc7 25. Bf1 Ra3 26. Qb2 Qg7 27. Bc4+ Kf8
28. Qd2 Qe5 29. Qe2 Kg7 30. Bb3 Ra8 31. Kg2 h5 32. h4 Kh6 33. Bd5 Ra3 34. Bb3
Ra8 1/2-1/2

[Event "BL 1718 Hamburger SK - SK Schwäbisch H"]
[Site "?"]
[Date "2018.03.10"]
[Round "11.1"]
[White "Jakovenko, Dmitry"]
[Black "Grandelius, Nils"]
[Result "1/2-1/2"]
[WhiteElo "2746"]
[BlackElo "2646"]
[PlyCount "53"]
[EventDate "2018.??.??"]
[EventType "team-tourn"]

1. d4 Nf6 2. c4 e6 3. Nf3 d5 4. g3 Be7 5. Bg2 O-O 6. O-O c6 7. Qc2 b6 8. Rd1
Nbd7 9. b3 Ba6 10. a4 c5 11. a5 Qc8 12. Ba3 Re8 13. Nc3 bxa5 14. Na4 dxc4 15.
bxc4 Bb7 16. Qd2 Nb6 17. Bxc5 Ne4 18. Qxa5 Nxa4 19. Rxa4 Nxc5 20. dxc5 Bxc5 21.
Ne5 Bxg2 22. Kxg2 Qb7+ 23. Kg1 Bb6 24. Qc3 Qe4 25. e3 Rac8 26. Nd7 Qc6 27. Nxb6
1/2-1/2

[Event "BL 1718 Hamburger SK - SK Schwäbisch H"]
[Site "?"]
[Date "2018.03.10"]
[Round "11.2"]
[White "Svane, Rasmus"]
[Black "Laznicka, Viktor"]
[Result "0-1"]
[WhiteElo "2587"]
[BlackElo "2657"]
[PlyCount "82"]
[EventDate "2018.??.??"]
[EventType "team-tourn"]

1. Nf3 d5 2. d4 Nf6 3. c4 dxc4 4. e3 e6 5. Bxc4 c5 6. O-O a6 7. Nc3 b5 8. Be2
Bb7 9. dxc5 Bxc5 10. Qxd8+ Kxd8 11. Nd2 Ke7 12. Nb3 Bd6 13. Na5 Ra7 14. a4 b4
15. Nb1 Bd5 16. Nd2 Rc8 17. Nac4 Bc5 18. b3 Ne4 19. Nxe4 Bxe4 20. Bd2 a5 21.
Rfc1 Nd7 22. Kf1 e5 23. Nb2 Rcc7 24. Bc4 Nb6 25. Bd3 Bd5 26. Nc4 Nd7 27. f3 Be6
28. Rab1 Bd6 29. Be1 Nc5 30. Be2 Rc6 31. Bf2 Nxb3 32. Rxb3 Rac7 33. Rd1 Bxc4
34. Bxc4 Rxc4 35. Rbd3 R7c6 36. e4 Rc3 37. Rd5 b3 38. Bh4+ Ke6 39. Be1 Rc2 40.
R1d3 b2 41. Rb3 Bb4 0-1

[Event "BL 1718 Hamburger SK - SK Schwäbisch H"]
[Site "?"]
[Date "2018.03.10"]
[Round "11.3"]
[White "Gharamian, Tigran"]
[Black "Miton, Kamil"]
[Result "1/2-1/2"]
[WhiteElo "2617"]
[BlackElo "2606"]
[PlyCount "43"]
[EventDate "2018.??.??"]
[EventType "team-tourn"]

1. e4 e6 2. d4 d5 3. Nd2 dxe4 4. Nxe4 Bd7 5. Nf3 Bc6 6. Bd3 Nd7 7. c3 Ngf6 8.
Nxf6+ Nxf6 9. Bf4 Nd7 10. O-O Bd6 11. Bg3 h5 12. Re1 h4 13. Bxd6 cxd6 14. c4
Bxf3 15. Qxf3 Qb6 16. c5 dxc5 17. d5 O-O-O 18. Qxf7 Rhf8 19. Qxe6 Qxb2 20. Bf5
Qf6 21. Qxf6 Rxf6 22. Bg4 1/2-1/2

[Event "BL 1718 Hamburger SK - SK Schwäbisch H"]
[Site "?"]
[Date "2018.03.10"]
[Round "11.4"]
[White "Ernst, Sipke"]
[Black "Postny, Evgeny"]
[Result "1/2-1/2"]
[WhiteElo "2529"]
[BlackElo "2579"]
[PlyCount "187"]
[EventDate "2018.??.??"]
[EventType "team-tourn"]

1. d4 d5 2. c4 c6 3. cxd5 cxd5 4. Bf4 Nc6 5. e3 Nf6 6. Nc3 Bg4 7. Qb3 Na5 8.
Qa4+ Bd7 9. Qc2 e6 10. Nf3 Be7 11. Bd3 Nc6 12. a3 Nh5 13. Be5 f6 14. Bg3 f5 15.
Be5 Nf6 16. h3 Nxe5 17. Nxe5 O-O 18. Qb3 Bc6 19. O-O Bd6 20. Ne2 Nd7 21. Nxc6
bxc6 22. Qa4 Qb6 23. Rac1 Rac8 24. Rc3 a5 25. Rfc1 Nb8 26. R1c2 Rc7 27. Nf4
Bxf4 28. exf4 Ra7 29. Re2 Kf7 30. Bb1 Re8 31. Qd1 g6 32. Bc2 Ree7 33. Ba4 Qc7
34. g3 Qd6 35. Qc1 Rec7 36. h4 Ra6 37. Rec2 Kf6 38. Qf1 Rb6 39. Qe1 Rcb7 40.
Qc1 Rc7 41. Kg2 h5 42. Rc5 Ra6 43. Qe1 Rca7 44. Kf3 Rb6 45. Qe5+ Qxe5 46. fxe5+
Kg7 47. Bxc6 Rb3+ 48. Kf4 Rd3 49. Bb5 Rxd4+ 50. Kf3 Kh6 51. Rc7 Rd2 52. Rxa7
Rxc2 53. Ra8 Nc6 54. Bxc6 Rxc6 55. Rxa5 g5 56. Ra4 g4+ 57. Ke3 Rc2 58. Rb4 d4+
59. Rxd4 Rxb2 60. Rb4 Ra2 61. Ra4 Kg6 62. Ra6 Kf7 63. Ra7+ Kg6 64. Ra6 Kf7 65.
a4 Ke7 66. Ra7+ Kd8 67. a5 Ra4 68. a6 Kc8 69. Ra8+ Kc7 70. a7 Kb6 71. Re8 Kxa7
72. Rxe6 Kb7 73. Rh6 Re4+ 74. Kd3 Rxe5 75. Rxh5 Kc7 76. Rg5 Kd6 77. h5 Ke6 78.
h6 Rd5+ 79. Ke3 Re5+ 80. Kd3 Rd5+ 81. Ke2 Rd8 82. Rg6+ Kf7 83. Rc6 Re8+ 84. Kd2
Kg8 85. Rf6 Kh7 86. Kd3 Re5 87. Kd2 Re8 88. Rxf5 Kxh6 89. Kd3 Kg6 90. Rf4 Kg5
91. Re4 Rf8 92. Re5+ Kg6 93. Ke2 Rf7 94. f4 1/2-1/2

[Event "BL 1718 Hamburger SK - SK Schwäbisch H"]
[Site "?"]
[Date "2018.03.10"]
[Round "11.5"]
[White "Le Roux, Jean-Pierre"]
[Black "Kollars, Dmitrij"]
[Result "1-0"]
[WhiteElo "2551"]
[BlackElo "2534"]
[PlyCount "85"]
[EventDate "2018.??.??"]
[EventType "team-tourn"]

1. c4 e5 2. Nc3 Bb4 3. Nd5 Bc5 4. e3 Nf6 5. Nxf6+ Qxf6 6. Ne2 O-O 7. Ng3 Nc6 8.
Bd3 d6 9. h4 Qe7 10. a3 f5 11. b4 Bb6 12. Bb2 Be6 13. Qc2 Qf7 14. h5 h6 15. f3
f4 16. Nf1 Qe7 17. O-O-O Qg5 18. Be4 fxe3 19. dxe3 Bxe3+ 20. Nxe3 Qxe3+ 21. Kb1
a5 22. Rhe1 Qg5 23. b5 Ne7 24. g4 Rad8 25. Bc1 Qf6 26. Rg1 Qf7 27. g5 hxg5 28.
Rxg5 Kh8 29. Rdg1 Bf5 30. Rxg7 Qxg7 31. Rxg7 Kxg7 32. Bg5 Bxe4 33. Qxe4 Rde8
34. Qxb7 Rf5 35. Be3 Rf7 36. h6+ Kf6 37. Qxc7 Nf5 38. Qc6 Re6 39. Bc1 Ree7 40.
Qe4 a4 41. Qg4 Ke6 42. Qg6+ Kd7 43. Bg5 1-0

[Event "BL 1718 Hamburger SK - SK Schwäbisch H"]
[Site "?"]
[Date "2018.03.10"]
[Round "11.6"]
[White "Lampert, Jonas"]
[Black "Womacka, Mathias"]
[Result "1/2-1/2"]
[WhiteElo "2532"]
[BlackElo "2439"]
[PlyCount "111"]
[EventDate "2018.??.??"]
[EventType "team-tourn"]

1. d4 Nf6 2. c4 e6 3. g3 c5 4. Nf3 cxd4 5. Nxd4 Qc7 6. Nc3 a6 7. Bg2 Qxc4 8.
Bf4 Nc6 9. Nb3 d5 10. O-O Be7 11. Rc1 Qb4 12. a3 Qb6 13. e4 dxe4 14. Be3 Qc7
15. Nc5 O-O 16. N5xe4 Bd7 17. Nxf6+ Bxf6 18. Na4 Rfe8 19. Bb6 Qc8 20. Nc5 Re7
21. Qd2 Be8 22. Rfd1 Be5 23. Qe3 Bc7 24. Ne4 Bxb6 25. Qxb6 Qc7 26. Qxc7 Rxc7
27. Nd6 Rb8 28. b4 Kf8 29. a4 Rd7 30. b5 axb5 31. axb5 Na5 32. Nxe8 Rxd1+ 33.
Rxd1 Kxe8 34. Ra1 Nb3 35. Ra3 Nd4 36. b6 Kd7 37. f4 Kd6 38. Kf2 Kc5 39. Rd3 Ra8
40. Bxb7 Ra2+ 41. Kf1 Rb2 42. Be4 f5 43. Rc3+ Kxb6 44. Rc8 Rxh2 45. Bg2 Rh6 46.
Kf2 Rg6 47. Rc4 Nb5 48. Rc6+ Ka5 49. Bf1 Nd4 50. Rc4 Nb3 51. Bd3 Nd2 52. Rc2
Ne4+ 53. Bxe4 fxe4 54. Re2 Kb5 55. Rxe4 Kc6 56. Ra4 1/2-1/2

[Event "BL 1718 Hamburger SK - SK Schwäbisch H"]
[Site "?"]
[Date "2018.03.10"]
[Round "11.7"]
[White "Raykhman, Alexander"]
[Black "Sebastian, Dirk"]
[Result "0-1"]
[WhiteElo "2400"]
[BlackElo "2443"]
[PlyCount "112"]
[EventDate "2018.??.??"]
[EventType "team-tourn"]

1. d4 Nf6 2. c4 c5 3. d5 b5 4. cxb5 a6 5. bxa6 g6 6. Nc3 Bg7 7. e4 O-O 8. Nf3
Qa5 9. Bd2 Bxa6 10. Be2 d6 11. O-O Bxe2 12. Qxe2 Qa6 13. Nb5 Nxe4 14. Qxe4 Qxb5
15. Qxe7 Qd7 16. Rfe1 Bxb2 17. Rab1 Rxa2 18. Bh6 Qxe7 19. Rxe7 Bg7 20. Bf4 Na6
21. Bxd6 Rd8 22. Bf4 Nb4 23. Rd1 Ra1 24. Rxa1 Bxa1 25. Ra7 Nxd5 26. Bg5 Bf6 27.
g3 Kg7 28. Bxf6+ Kxf6 29. Nd2 Nc3 30. Nc4 Ne4 31. Rc7 Rd4 32. Ne3 Rd2 33. Ng4+
Ke6 34. f3 Ng5 35. Rxc5 Nxf3+ 36. Kf1 Nxh2+ 37. Ke1 Nf3+ 38. Kf1 Nh2+ 39. Ke1
Nf3+ 40. Kf1 h5 41. Nf2 Ra2 42. Rb5 Nd4 43. Rb4 Nf5 44. Rb3 Ke5 45. Rd3 g5 46.
Rb3 Nd4 47. Re3+ Kf5 48. Rd3 Ra4 49. Kg2 g4 50. Rc3 Ra2 51. Rc4 Nf3 52. Rc5+
Kg6 53. Rc6+ f6 54. Rb6 h4 55. gxh4 Nxh4+ 56. Kg3 Nf5+ 0-1

[Event "BL 1718 Hamburger SK - SK Schwäbisch H"]
[Site "?"]
[Date "2018.03.10"]
[Round "11.8"]
[White "Colpe, Malte"]
[Black "Zpevak, Pavel"]
[Result "1/2-1/2"]
[WhiteElo "2398"]
[BlackElo "2337"]
[PlyCount "44"]
[EventDate "2018.??.??"]
[EventType "team-tourn"]

1. d4 Nf6 2. c4 e6 3. Nf3 b6 4. g3 Ba6 5. Qc2 c5 6. d5 exd5 7. cxd5 d6 8. Nc3
g6 9. Bg2 Bg7 10. O-O O-O 11. Re1 b5 12. e4 b4 13. Na4 Nbd7 14. Bf4 Qb8 15. h3
Nh5 16. Be3 Nb6 17. g4 Nf6 18. Bf4 Nfd7 19. Bg3 Re8 20. a3 Nxa4 21. Qxa4 Bb5
22. Qc2 a5 1/2-1/2

[Event "BL 1718 SK Norderstedt - SF Deizisau"]
[Site "?"]
[Date "2018.03.10"]
[Round "11.1"]
[White "Bluebaum, Matthias"]
[Black "Trent, Lawrence"]
[Result "1-0"]
[WhiteElo "2631"]
[BlackElo "2440"]
[PlyCount "79"]
[EventDate "2018.??.??"]
[EventType "team-tourn"]

1. d4 d5 2. c4 e5 3. dxe5 d4 4. Nf3 Nc6 5. a3 Nge7 6. b4 Ng6 7. Bb2 a5 8. b5
Ncxe5 9. Qxd4 Qxd4 10. Bxd4 Nxc4 11. e3 Nd6 12. Nbd2 a4 13. Rc1 Kd8 14. h4 h5
15. Bd3 Bf5 16. Bxf5 Nxf5 17. Ng5 Nh6 18. Nc4 Ke8 19. Bb2 Rg8 20. Ke2 Be7 21.
g3 b6 22. Rhd1 Nf8 23. Rd5 Nd7 24. Ne4 f5 25. Rcd1 Rd8 26. Nc3 Nc5 27. Ne5 Bd6
28. Nc6 Ra8 29. Rxd6 cxd6 30. Nd5 Kf7 31. Nxb6 Rae8 32. Rxd6 Ng4 33. Rd5 Ne4
34. Rd7+ Ke6 35. Nd4+ Kf6 36. Nd5+ Kg6 37. Ne7+ Rxe7 38. Rxe7 Ngxf2 39. Nc6 Rc8
40. Rxe4 1-0